000 00715nam a2200229 i 4500
001 150796
003 ES-MaACL
005 20230906203713.0
007 t|
008 071112q1957 sp f |||| | spa d
100 1 _aGarcía del Moral, Amalio.
_954518
245 1 0 _aGitanos /
_cAmalio García del Moral ; introducción, José Carlos Gallardo.
260 _aGranada :
_b[s.n.,
_c1957]
300 _a37 p., 30 h. de lám. ;
_c25 cm.
490 1 _aColección Macasar
600 1 4 _aGarcía del Moral, Amalio.
_954518
650 4 _aGitanos-
_xEn el arte.
_9170723
700 1 _aGallardo, José Carlos.
_953484
830 0 _aColección Macasar
_9221169
852 _aES-MaACL
_j1972-F-22
999 _c150796
_d150796